| 000 | 00751nam a2200241 i 4500 | ||
|---|---|---|---|
| 001 | bg | ||
| 100 | 1 | _aTańska, Halina. | |
| 245 | 1 | 0 |
_aĆwiczenia z analizy i projektowania systemów informatycznych / _cHalina Tańska, Hanna Pikus. |
| 260 |
_aOlsztyn : _bWydawnictwo Uniwersytetu Warmińsko-Mazurskiego, _c2004. |
||
| 300 |
_a[1] k. tabl. złoż., 85, [10] s. : _bil. ; _c24 cm. |
||
| 504 | _aBibliogr. s. 85. | ||
| 650 | 9 | _aSystemy informatyczne | |
| 655 | _aĆwiczenia i zadania dla szkół wyższych | ||
| 700 | 1 | _aPikus, Hanna. | |
| 020 | _a837299367X | ||
| 040 | _cBPK | ||
| 041 | _apol | ||
| 044 | _aPOL | ||
| 080 | _a004.414.2(075.8)(076) | ||
| 920 | _a83-7299-367-X | ||
| 942 | _cKS | ||
| 008 | 090626s2004 pl |000 p pol | ||
| 999 |
_c56349 _d56349 |
||
| 856 |
_uhttp://koha.tu.koszalin.pl/cgi-bin/koha/opac-detail.pl?biblionumber=56349 _yKatalog online BPK |
||